00405nam a2200145Ia 4500003000400000008004100004040001600045082001700061100002100078245005900099260004000158300000800198650002400206650002900230GCL140319s9999 xx 000 0 eng d aGCL / cGCL04a770.232bG G1 aGAMBACCIM, PETER10aGETTING TO THE TOP IN PHOTOGRAPHY / cGAMBACCIM, PETER a[S.N] : bA M PHOTO BOOKS ، c1984 a12804aVOCATIONAL GUIDANCE04aPHOTOGRAPHY - COMMERCIAL